000 00866nam a2200229 i 4500
001 bgj
245 0 0 _aNew ways in teaching reading /
_cRichard R. Day, ed.
260 _aAlexandria, Va :
_bTeachers of English to Speakers of Other Language,
_ccop. 1993.
300 _aXVIII, 282 pp :
_bfig. ;
_c21 cm.
490 1 _aNew ways in TESOL series / Jack C. Richards, series ed.. Innovative classroom techniques
650 9 _aEnglish language
_xStudy and teaching
_xForeign speakers
650 9 _aReading
650 9 _aActivity programmes in education
_xReading
700 1 _aDAY, Richard R.
_eed.
830 0 _aNew ways in TESOL series (Jack C. Richards, series ed.).
_pInnovative classroom techniques
020 _a0939791455 (pbk)
040 _cBPK
041 0 _aeng
920 _a0-939791-45-5 (pbk)
942 _cKS
008 s uk f |000 0 eng
999 _c48128
_d48128
856 _uhttp://koha.tu.koszalin.pl/cgi-bin/koha/opac-detail.pl?biblionumber=48128
_yKatalog online BPK